Complete the film title (Brad Pitt) - Statistics

General Stats
  • This quiz has been taken 87 times
  • The average score is 12 of 15
Answer Stats
Film Title % Correct
Ocean's {Eleven}
99%
Fight {Club}
97%
Mr. & Mrs. {Smith}
96%
Inglourious {Basterds}
95%
The Curious Case of Benjamin {Button}
95%
12 Years a {Slave}
92%
Thelma & {Louise}
91%
Interview with the {Vampire}
88%
Meet Joe {Black}
88%
Seven Years in {Tibet}
82%
A River Runs Through {It}
74%
Legends of the {Fall}
74%
Burn After {Reading}
70%
Ad {Astra}
61%
The Devil's {Own}
42%
No matching quizzes found
Score Distribution
Percent of People with Each Score
Percentile by Number Answered
Your Score History
You have not taken this quiz